000 00295nam a22001217a 4500
008 180126b xxu||||| |||| 00| 0 eng d
041 _aeng
080 _a574
100 _a9
101 _aMJE
245 _aGROWING YOUR OWN VEGETABLES
_cUNITED STATES DEPARTMENT OF AGRICULTURE
942 _2udc
_cBK
999 _c40996
_d40996